Neetický marketing predaja finančných produktov

Neetický spôsob predaja finančných produktov. Absencia informácií o predpokladanej inflácii. Úspory a kapitalizácia výnosov. Reálny výnos investícií, ktoré zohľadňujú infláciu. Úrokové sadzby a úverová tieseň (credit crunch). Volatilita akciových a dlhopisových kurzov. Finančná gramotnosť obyvateľst...

Descripción completa

Guardado en:
Detalles Bibliográficos
Autor principal: Pavelka, Ľuboš, 1962-
Formato: Capítulo de libro
Lenguaje:eslovaco
Materias:
Etiquetas: Agregar Etiqueta
Sin Etiquetas, Sea el primero en etiquetar este registro!

MARC

LEADER 00000naa$a2200000$$$4500
001 0113613
005 20240502072249.6
041 0 |a slo 
044 |a SK 
245 1 0 |a Neetický marketing predaja finančných produktov  |c Ľuboš Pavelka 
520 |a Neetický spôsob predaja finančných produktov. Absencia informácií o predpokladanej inflácii. Úspory a kapitalizácia výnosov. Reálny výnos investícií, ktoré zohľadňujú infláciu. Úrokové sadzby a úverová tieseň (credit crunch). Volatilita akciových a dlhopisových kurzov. Finančná gramotnosť obyvateľstva. 
610 2 0 |a banky 
610 2 0 |a inštitúcie finančné 
610 2 0 |a trh finančný 
610 2 0 |a volatilita 
610 2 0 |a investície 
610 2 0 |a výnosy 
610 2 0 |a kapitalizácia 
610 2 0 |a inflácia 
610 2 0 |a etika podnikateľská 
100 1 |a Pavelka, Ľuboš, 1962-